000 00677nam a2200205 a 4500
005 20240910063931.0
008 140402s2001 es r 000 0 spa d
020 _a8485334620
035 _aUPN01000196766
049 _aI
050 4 _aPT2708 E4.6
_bM3.7
100 1 _aHeine, Helme,
_d1941-
_934071
245 1 3 _aEl maravilloso viaje a través de la noche /
_cHelme Heine ; tr. L. Rodríguez López.
260 _aSalamanca, Esp. :
_bLóguez,
_c[2001].
300 _a[22] p. :
_bprincipalmente il. col.
534 _pTítulo original :
_tDie wunderbare reise durch die nacht
650 4 _aCuentos infantiles alemanes
_98589
650 0 _aSueños
_91571
905 _aInfantil
999 _c168867
_d168867